|
|
|
|
| LEADER |
00577cam a2200181 7i4500 |
| 001 |
0000006076 |
| 005 |
19991025090000.0 |
| 002 |
##000007730 |
| 020 |
0 |
0 |
|a 955-9147-15-3
|
| 090 |
0 |
0 |
|a SRLA 327.1
|b MUH
|
| 100 |
0 |
0 |
|a Muhammad Humayun Kabir
|
| 245 |
0 |
0 |
|a The India factor in Sri Lanka's foreign and security policy.
|
| 260 |
0 |
0 |
|a Colombo:
|b S.W.R.D. Bandaranaike National Memorial Foundation,
|c 1996.
|
| 300 |
0 |
0 |
|a 66 p..
|
| 650 |
0 |
0 |
|a Sri Lanka --
|x Foreign relation --
|z India
|
| 651 |
0 |
0 |
|a India
|
| 651 |
0 |
0 |
|a Sri lanka
|
| 999 |
|
|
|a 0000008857
|b Book
|c Open shelf
|e Business Information Centre
|